000
00204nam a22000857a 4500
008
170131b xxu||||| |||| 00| 0 eng d
100
_9
2713
_a
Bose Sudhakar
245
_a
CCE Science-6
260
_a
New Delhi
_c
2015
999
_c
5877
_d
5877